| 000 | 00457nam a22001697a 4500 | ||
|---|---|---|---|
| 003 | OSt | ||
| 008 | 260624b |||||||| |||| 00| 0 eng d | ||
| 020 | _a9780367349899 | ||
| 082 |
_a572.863 _bW24N |
||
| 100 | _aWang, Xinkun | ||
| 245 | _aNext-Generation Sequencing Data Analysis/ by Xinkun Wang | ||
| 250 | _a1st. ed. | ||
| 260 |
_aNew York: _bCRC Press, _c2024 |
||
| 300 | _axvii, 416 p. | ||
| 650 | _aBiology I Molecular Structure | ||
| 942 |
_2ddc _cBK |
||
| 999 |
_c52267 _d52267 |
||